Socialism and the national revolution / (Record no. 14952)
[ view plain ]
| 000 -LEADER | |
|---|---|
| fixed length control field | 00875nam a2200277 a 4500 |
| 001 - CONTROL NUMBER | |
| control field | 14952 |
| 003 - CONTROL NUMBER IDENTIFIER | |
| rucl marc code | BD-RjUL |
| 005 - DATE AND TIME OF LATEST TRANSACTION | |
| control field | 20211208235725.0 |
| 008 - FIXED-LENGTH DATA ELEMENTS--GENERAL INFORMATION | |
| fixed length control field | 760130s1946 ii b 000 0 eng |
| 035 ## - SYSTEM CONTROL NUMBER | |
| System control number | (BD-RjUL)15006 |
| 040 ## - CATALOGING SOURCE | |
| Original cataloging agency | DLC |
| Transcribing agency | CtW |
| Modifying agency | CtW |
| -- | DLC |
| -- | BD-RjUL |
| Language of cataloging | eng |
| 041 ## - LANGUAGE CODE | |
| Language code of text/sound track or separate title | eng |
| 042 ## - AUTHENTICATION CODE | |
| Authentication code | premarc |
| 082 ## - DEWEY DECIMAL CLASSIFICATION NUMBER | |
| Classification number | 335.00954 |
| Edition number | 23 |
| Author mark and year | DES 1946 |
| 100 1# - MAIN ENTRY--PERSONAL NAME | |
| Personal name | Deva, Narendra, |
| Dates associated with a name | 1889-1956. |
| 9 (RLIN) | 229214 |
| 245 10 - TITLE STATEMENT | |
| Title | Socialism and the national revolution / |
| Statement of responsibility, etc. | by Narendra Deva ; ed. by Yusuf Meherally. |
| 260 ## - PUBLICATION, DISTRIBUTION, ETC. (IMPRINT) | |
| Place of publication, distribution, etc. | Bombay : |
| Name of publisher, distributor, etc. | Padma Publications , |
| Date of publication, distribution, etc. | 1946 |
| 300 ## - PHYSICAL DESCRIPTION | |
| Pagination | xvi, 208 p. |
| Size | 23 cm. |
| 500 ## - GENERAL NOTE | |
| General note | Addenda slip inserted. |
| 504 ## - BIBLIOGRAPHY, ETC. NOTE | |
| Bibliography, etc | "Books recommended": p. 193-195. |
| 650 #0 - SUBJECT ADDED ENTRY--TOPICAL TERM | |
| Topical term or geographic name as entry element | Socialism |
| Geographic subdivision | India. |
| 9 (RLIN) | 229215 |
| 651 #0 - SUBJECT ADDED ENTRY--GEOGRAPHIC NAME | |
| Geographic name | India |
| General subdivision | Politics and government |
| Chronological subdivision | 1919-1947. |
| 9 (RLIN) | 229216 |
| 700 1# - ADDED ENTRY--PERSONAL NAME | |
| Personal name | Meherally, Yusuf, ed. |
| 942 ## - ADDED ENTRY ELEMENTS (KOHA) | |
| Source of classification or shelving scheme | Dewey Decimal Classification |
| Koha item type | Rare Books |
| Lost status | Source of classification or shelving scheme | Damaged status | Not for loan | Collection code | Permanent Location | Current Location | Shelving location | Date acquired | Total Checkouts | Full call number | Date last seen | Copy number | Koha item type |
|---|---|---|---|---|---|---|---|---|---|---|---|---|---|
| Dewey Decimal Classification | Not For Loan | Rare Books | Central Library, University of Rajshahi | Central Library, University of Rajshahi | Rare Book Section | 11/03/2019 | RA 335.00954 DES 1946 | 11/03/2019 | C-1 | Rare Books |